书目信息 |
| 题名: |
假期重于学期
|
|
| 作者: | 冯德全 著 | |
| 分册: | ||
| 出版信息: | 北京 中国妇女出版社 2005 |
|
| 页数: | 232页 | |
| 开本: | 23cm | |
| 丛书名: | 冯德全早教方案 | |
| 单 册: | ||
| 中图分类: | G635.5 | |
| 科图分类: | ||
| 主题词: | 假期(学校)--学生生活--中小学 , 假期(学校) , 学生生活 | |
| 电子资源: | ||
| ISBN: | 7-80203-164-8 | |
| 000 | 00835oam2 2200265 450 | |
| 001 | 003026823 | |
| 005 | 20070806092516.81 | |
| 010 | @a7-80203-164-8@dCNY24.80 | |
| 100 | @a20051101d2005 em y0chiy0110 ea | |
| 101 | 0 | @achi |
| 102 | @aCN@b110000 | |
| 105 | @aa z 000yy | |
| 200 | 1 | @a假期重于学期@9jia qi zhong yu xue qi@f冯德全著 |
| 210 | @a北京@c中国妇女出版社@d2005 | |
| 215 | @a232页@c图,照片@d23cm | |
| 225 | 2 | @a冯德全早教方案@v3 |
| 330 | @a本书详尽介绍了中小学生假期生活的着眼点、内容以及假期指导的实施要领,其内容涉及中小学生成长的各个重要方面。 | |
| 461 | 0 | @12001 @a冯德全早教方案@v3 |
| 606 | 0 | @a假期(学校)@x学生生活@x中小学 |
| 606 | 0 | @a假期(学校) |
| 606 | 0 | @a学生生活 |
| 690 | @aG635.5@v4 | |
| 701 | 0 | @a冯德全@9feng de quan@f(1935.1~)@4著 |
| 801 | 0 | @aCN@bNLC@c20070806 |
| 905 | @a10447@dG635.5@e1054 | |
| 假期重于学期/冯德全著.-北京:中国妇女出版社,2005 |
| 232页:图,照片;23cm.-(冯德全早教方案;3) |
| ISBN 7-80203-164-8:CNY24.80 |
| 本书详尽介绍了中小学生假期生活的着眼点、内容以及假期指导的实施要领,其内容涉及中小学生成长的各个重要方面。 |
| ● |
| 相关链接 |
|
|
|
|
正题名:假期重于学期
索取号:G635.5/1054
 
预约/预借
| 序号 | 登录号 | 条形码 | 馆藏地/架位号 | 状态 | 备注 |
| 1 | 0806753 | 208067535 | 第一样本阅览室/ [索取号:G635.5/1054] | 在馆 | |
| 2 | 0806754 | 208067544 | 第四借阅区/ [索取号:G635.5/1054] | 在馆 | |
| 3 | 0806755 | 208067553 | 第四借阅区/ [索取号:G635.5/1054] | 在馆 | |
| 4 | 0806756 | 208067562 | 第四借阅区/ [索取号:G635.5/1054] | 在馆 | |
| 5 | 0806757 | 208067571 | 第四借阅区/ [索取号:G635.5/1054] | 在馆 | |
| 6 | 0806758 | 208067580 | 第四借阅区/ [索取号:G635.5/1054] | 在馆 | |
| 7 | 0806759 | 208067599 | 第四借阅区/ [索取号:G635.5/1054] | 在馆 |